Proceedings of the International Clay Conference 1969 /
Guardado en:
| Autores Corporativos: | , , |
|---|---|
| Otros Autores: | |
| Formato: | Libro |
| Idioma: | English French German Russian |
| Publicado: |
Jerusalem :
Israel Universities Press,
1969-
|
| Materias: | |
| Etiquetas: |
Agregar Etiqueta
Sin Etiquetas, Sea el primero en etiquetar este registro!
|
| LEADER | 01164cam a2200241 a 4500 | ||
|---|---|---|---|
| 001 | EEA.libagro009983 | ||
| 008 | 731001m19699999is#a#####b####100#0#eng## | ||
| 005 | 20191016120545.0 | ||
| 245 | 0 | 0 | |a Proceedings of the International Clay Conference 1969 / |c Arr. by Association internationale pour l'étude des argiles and the science Council of Japan. Editor-in-Chief: Lisa Heller. |
| 260 | |a Jerusalem : |b Israel Universities Press, |c 1969- | ||
| 300 | |a 2 v. : |b il. ; |c 25 cm. | ||
| 500 | |a Inglés, francés, alemán o ruso. | ||
| 500 | |a Sponsored by the Clay Science Society of Japan, the Geological Survey of Japan, and the Geographical Society of Japan. | ||
| 504 | |a Incluye referencias bibliográficas. | ||
| 111 | 2 | |a International Clay Conference |d (September 5-10,1969. : |c Tokyo) | |
| 700 | 1 | |a Heller, L. |q (Liselotte), |e ed. | |
| 710 | 2 | |a International Association for Clay Research. | |
| 710 | 2 | |a Nihon Gakujutsu Kaigi. | |
| 082 | 0 | 0 | |a 549.6 |
| 650 | 0 | |a Clay |x Congresses. | |
| 041 | 0 | |a eng |a fre |a ger |a rus | |
| 859 | |a AR-BbBCA |b BIB. AGRONOMIA |h 549.6 |i P963 1969 |p 1975/0002 |v Vol. 1 |3 Vol. 1 | ||
| 859 | |a AR-BbBCA |b BIB. AGRONOMIA |h 549.6 |i P963 1969 |p 1975/0003 |v Vol. 2 |3 Vol. 2 | ||
